In 99 words : stories librarians tell
| Corporate Author: | |
|---|---|
| Other Authors: | , |
| Format: | Book |
| Published: |
New Delhi :
Ratna Sagar P. Ltd ,
2004
|
| Subjects: |
MARC
| LEADER | 00000cam a2200000 7i4500 | ||
|---|---|---|---|
| 001 | 0000038828 | ||
| 005 | 20131125.0 | ||
| 008 | 131125 | ||
| 020 | |a 9810767938 | ||
| 090 | 0 | 0 | |a 027.05957 |b WOR |
| 110 | 1 | |a Library Association of Singapore | |
| 245 | 1 | 0 | |a In 99 words : |b stories librarians tell |
| 260 | |a New Delhi : |b Ratna Sagar P. Ltd , |c 2004 | ||
| 650 | 0 | |a Libraries |z Singapore |x Anecdotes | |
| 700 | 1 | |a Munoo, Rajendra | |
| 700 | 1 | |a Yit, Chin Chuan | |
| 999 | |a 0001255687 |b Book |c Adult Collection |e Perbadanan Perpustakaan Awam Johor | ||